Sofia Coppola Movies - Statistics

General Stats
  • This quiz has been taken 45 times
  • The average score is 8 of 37
Answer Stats
Year Movie % Correct
2006 Marie Antoinette
88%
1999 The Virgin Suicides
88%
2003 Lost in Translation
84%
2023 Priscilla
81%
2013 The Bling Ring
60%
1972 The Godfather
56%
1974 The Godfather Part II
49%
1990 The Godfather Part III
42%
2017 The Beguiled
37%
2020 On the Rocks
33%
2010 Somewhere
30%
1983 Rumble Fish
16%
1999 Star Wars: Episode I: The Phantom Menace
16%
1983 The Outsiders
16%
1986 Peggy Sue Got Married
12%
1989 New York Stories
9%
1984 The Cotton Club
9%
2023 Fairyland
7%
1988 Tucker: The Man and His Dream
7%
1987 Anna
5%
2001 CQ
5%
1992 Inside Monkey Zetterland
5%
2017 La Traviata
2%
1990 The Spirit of '76
2%
2011 10 pelis
0%
2002 Adaptation.
0%
2012 A Glimpse Inside the Mind of Charles Swan III
0%
2000 Bel Air
0%
2007 Broken English
0%
2004 Corporate Ghost
0%
2004 Kill Bill: Volume 2
0%
2013 Palo Alto
0%
2016 Paris Can Wait
0%
2018 Private Life
0%
2012 The Haunting of Helena
0%
2005 The Squid and the Whale
0%
2005 Thumbsucker
0%
No matching quizzes found
Score Distribution
Percent of People with Each Score
Percentile by Number Answered
Your Score History
You have not taken this quiz